First day / (Record no. 2194)

MARC details
000 -LEADER
fixed length control field 00678nam a22002297a 4500
005 - DATE AND TIME OF LATEST TRANSACTION
control field 20231114115829.0
020 ## - INTERNATIONAL STANDARD BOOK NUMBER
International Standard Book Number 9780545238069
040 ## - CATALOGING SOURCE
Original cataloging agency FISKH
Language of cataloging eng
Transcribing agency FISKH
Modifying agency FISKH
082 ## - DEWEY DECIMAL CLASSIFICATION NUMBER
Classification number 813
100 ## - MAIN ENTRY--PERSONAL NAME
Personal name Cooper, John
245 ## - TITLE STATEMENT
Title First day /
Statement of responsibility, etc. Dewey Does Story by John Cooper Illustrations by Sid Blaize
260 ## - PUBLICATION, DISTRIBUTION, ETC.
Place of publication, distribution, etc. New York :
Name of publisher, distributor, etc. Scholastic,
Date of publication, distribution, etc. 2004
300 ## - PHYSICAL DESCRIPTION
Extent 94 pages :
Dimensions 19 cm
490 ## - SERIES STATEMENT
Series statement A Dewey Does book
505 ## - FORMATTED CONTENTS NOTE
Formatted contents note M
520 ## - SUMMARY, ETC.
Summary, etc. Come inside the mind of nine year old Dewey Does and find out what's it really like.
521 ## - TARGET AUDIENCE NOTE
Target audience note 700
Source Lexile estimate
521 ## - TARGET AUDIENCE NOTE
Target audience note M
Source Raz-Plus
700 ## - ADDED ENTRY--PERSONAL NAME
Personal name Blaize, Sid
Relator term Illustrator
942 ## - ADDED ENTRY ELEMENTS (KOHA)
Source of classification or shelving scheme Dewey Decimal Classification
Koha item type Books
Suppress in OPAC No
999 ## -
-- 2194
-- 2194
Holdings
Withdrawn status Lost status Source of classification or shelving scheme Damaged status Not for loan Collection Home library Current library Shelving location Date acquired Total Checkouts Full call number Barcode Date last seen Price effective from Koha item type Copy number
    Dewey Decimal Classification     Juvenile Fiction Footprints International School Library Network Toul Kork Campus Footprints International School Library Network Toul Kork Campus TK Primary Library Room(4th Floor), Bookcase 5&6, Shelves 33-56, Orange Books 11/08/2023   COO 813 FISTK04850 11/08/2023 11/08/2023 Books  
    Dewey Decimal Classification     Juvenile Fiction Footprints International School Library Network Toul Tom Poung Campus Footprints International School Library Network Toul Tom Poung Campus TTP Primary Orange Bookshelves 11/11/2025   COO 813 FISSE01229 11/11/2025 11/11/2025 Books 2